Score 0/26 Timer 08:00
2 Plays Today
% Correct
Well, we could always start with Mrs. Crawley and Lady Grantham.
90.5%
Wha- what is a weekend?
90.2%
I just don't like him, which is quite different.
89.7%
I thought you might be walking on stilts.
87.2%
Half the guests were dead before they left the ballroom.
87%
I can be as contrary as I choose.
87%
It must be like wearing a tiara around the clock.
86.6%
No Englishman would dream of dying in someone else's house.
86.2%
Do you promise?
86%
No one wants to kiss a girl in black.
85.5%
Oh, no, but if I were to look for logic, I should not look for it among the English upper class
84.9%
It goes to their heads like strong drink.
83.8%
No, as a Chinese laundryman.
83.8%
% Correct
I feel old as Methuselah.
83%
Is she making a suit of armor?
81.6%
I wouldn't know. I'm not familiar with the sensation.
81.2%
Well, I suppose looks aren't everything.
81.1%
Why else would I be here?
80.8%
I must have said it wrong
80.2%
Don't use me as an excuse! If you don't want to dance, tell him.
77%
It's very middle class.
76.3%
I'm tempted to ring for a nanny and have you put to bed with no supper.
75.4%
What more do you need?
74.9%
We'd all be in a state of collapse whenever we opened a newspaper.
74%
Oh, I don't think things are quite that desperate.
73.4%
Why does every day involve a fight with an American?
68.7%
Remove Ads.
Support Sporcle.
Get the best of Sporcle when you Go Orange. This ad-free experience offers more features, more stats, and more fun while also helping to support Sporcle. Thank you for becoming a member.

You're not logged in!

Compare scores with friends on all Sporcle quizzes.
OR
Log In

Show Comments

Extras

Top Quizzes Today


Score Distribution

Your Account Isn't Verified!

In order to create a playlist on Sporcle, you need to verify the email address you used during registration. Go to your Sporcle Settings to finish the process.

Report this User

Report this user for behavior that violates our Community Guidelines.

Details: